<?xml version="1.0" encoding="UTF-8"?><?xml-stylesheet type="text/xsl" href="static/style.xsl"?><OAI-PMH xmlns="http://www.openarchives.org/OAI/2.0/" xmlns:xsi="http://www.w3.org/2001/XMLSchema-instance" xsi:schemaLocation="http://www.openarchives.org/OAI/2.0/ http://www.openarchives.org/OAI/2.0/OAI-PMH.xsd"><responseDate>2026-06-29T02:46:22Z</responseDate><request verb="GetRecord" identifier="oai:docta.ucm.es:20.500.14352/102227" metadataPrefix="marc">https://docta.ucm.es/rest/oai/request</request><GetRecord><record><header><identifier>oai:docta.ucm.es:20.500.14352/102227</identifier><datestamp>2025-03-18T12:32:32Z</datestamp><setSpec>com_20.500.14352_14</setSpec><setSpec>col_20.500.14352_15</setSpec></header><metadata><record xmlns="http://www.loc.gov/MARC21/slim" xmlns:dcterms="http://purl.org/dc/terms/" xmlns:xsi="http://www.w3.org/2001/XMLSchema-instance" xmlns:doc="http://www.lyncode.com/xoai" xsi:schemaLocation="http://www.loc.gov/MARC21/slim http://www.loc.gov/standards/marcxml/schema/MARC21slim.xsd">
   <leader>00925njm 22002777a 4500</leader>
   <datafield ind2=" " ind1=" " tag="042">
      <subfield code="a">dc</subfield>
   </datafield>
   <datafield ind2=" " ind1=" " tag="720">
      <subfield code="a">López Sánchez, Ramón</subfield>
      <subfield code="e">author</subfield>
   </datafield>
   <datafield ind2=" " ind1=" " tag="720">
      <subfield code="a">Prados Atienza, José María</subfield>
      <subfield code="e">author</subfield>
   </datafield>
   <datafield ind2=" " ind1=" " tag="720">
      <subfield code="a">Del Río Grande, David Pedro</subfield>
      <subfield code="e">author</subfield>
   </datafield>
   <datafield ind2=" " ind1=" " tag="720">
      <subfield code="a">Galindo Fuentes, Marta</subfield>
      <subfield code="e">author</subfield>
   </datafield>
   <datafield ind2=" " ind1=" " tag="720">
      <subfield code="a">Reinoso García, Ana Isabel</subfield>
      <subfield code="e">author</subfield>
   </datafield>
   <datafield ind2=" " ind1=" " tag="720">
      <subfield code="a">Lozano Ibáñez, Montserrat</subfield>
      <subfield code="e">author</subfield>
   </datafield>
   <datafield ind2=" " ind1=" " tag="260">
      <subfield code="c">2014-02-12</subfield>
   </datafield>
   <datafield ind2=" " ind1=" " tag="520">
      <subfield code="a">Introducción y objetivo. El análisis cuantitativo y cualitativo de la tarea de fluidez verbal semántica ha permitido observar que las personas con demencia producen menos palabras y en grupos más pequeños que las personas sin demencia. Sin embargo, en personas con deterioro cognitivo leve de tipo amnésico (DCLa) la investigación ha mostrado resultados contradictorios respecto a la cantidad y el número de los agrupamientos semánticos que se realizan. El objetivo de este estudio consistió en aportar nuevos datos para intentar solventar dicha controversia.
Sujetos y métodos. Participaron en el estudio 22 personas mayores con diagnóstico de DCLa (8 varones y 14 mujeres) y 43 adultos mayores (7 varones y 36 mujeres) con funcionamiento cognitivo normal que sirvieron de grupo control. Todos fueron evaluados en el Centro de Prevención del Deterioro Cognitivo del Ayuntamiento de Madrid, tras completar la prueba de fluidez verbal de animales además de otras pruebas neuropsicólogicas.
Resultados. Como se esperaba, la producción de animales fue menor en el grupo DCLa que en el grupo control, pero no se observaron diferencias ni en el tamaño medio de las agrupaciones semánticas ni en el número de cambios entre dichas agrupaciones.
Conclusiones. Los resultados son coherentes con investigaciones previas que sugieren que en el DCLa no sólo concurren déficits en la memoria episódica y la memoria operativa, sino también en la memoria semántica. Sin embargo, los datos no aclaran el papel de los procesos ejecutivos estratégicos, como parece suceder en la enfermedad de Alzheimer.</subfield>
   </datafield>
   <datafield ind1="8" ind2=" " tag="024">
      <subfield code="a">López-Higes R., Prados, JM, Del Río, D.,Galindo-Fuentes, M., Reinoso, AI, Lozano-Ibáñez, M. (2014). Fluidez verbal semántica de animales en el deterioro cognitivo leve de tipo amnésico. Rev Neurol, 58: 493-499.</subfield>
   </datafield>
   <datafield ind1="8" ind2=" " tag="024">
      <subfield code="a">0210-0010</subfield>
   </datafield>
   <datafield ind1="8" ind2=" " tag="024">
      <subfield code="a">10.33588/rn.5811.2014048</subfield>
   </datafield>
   <datafield ind1="8" ind2=" " tag="024">
      <subfield code="a">https://hdl.handle.net/20.500.14352/102227</subfield>
   </datafield>
   <datafield ind1="8" ind2=" " tag="024">
      <subfield code="a">https://neurologia.com/articulo/2014048</subfield>
   </datafield>
   <datafield ind2="0" ind1="0" tag="245">
      <subfield code="a">Fluidez verbal semántica de animales en el deterioro cognitivo leve de tipo amnésico</subfield>
   </datafield>
</record></metadata></record></GetRecord></OAI-PMH>